Normal view
MARC view
Entry Topical Term
001 - CONTROL NUMBER
- control field: 80440
003 - CONTROL NUMBER IDENTIFIER
- control field: OSt
005 - DATE AND TIME OF LATEST TRANSACTION
- control field: 20201023151717.0
008 - FIXED-LENGTH DATA ELEMENTS
- fixed length control field: 201023|| aca||aabn | a|a d
040 ## - CATALOGING SOURCE
- Original cataloging agency: OSt
- Transcribing agency: OSt
150 ## - HEADING--TOPICAL TERM
- Topical term or geographic name entry element: धर्म
670 ## - SOURCE DATA FOUND
- Source citation: Work cat.: (OSt): सिंह रघुवीर 48338, बदलते जीवन मूल्य और बाैद्ध धर्म , 2020









